Регионална библиотека "Любен Каравелов" - Русе

Доклад за териториално-селищната и демографска основа за комплексно обществено обслужване в окръга (Запис номер 447217)

MARC детайли
000 -Лидер
Контролно поле с фиксирана дължина 01317nam a2200241 a 4500
003 - Код на организацията, давaща контролен номер
Контролно поле BLK
005 - Дата и час на последна редакция
Контролно поле 20230628140530.0
008 - Елементи от данни с фиксирана дължина
fixed length control field 220304b bu |||||r|||| 00| | bu d
040 ## - Източник на каталожния запис
Идентификатор на билиотеката - собственик на записа BLK
041 ## - Код за език
Код за езика на текст/звукозапис или на отделно заглавие Български
Код за езика КДБФ Български
080 ## - УДК
Текстов определител УДК Общи проблеми, които влияят върху благосъстоянието - Социални изменения, урбанизация, стопански и технологични промени, изменения в общественото управление - Материални и нематериални проблеми на
УДК код - определител по УДК 364.1
УДК определител (497.215)(062)
УДК - код + определител 364.1(497.215)(062)
139 ## - Редно поле
Авторски знак Доклад - Д 73
245 ## - Сведения за заглавието
Заглавие Доклад за териториално-селищната и демографска основа за комплексно обществено обслужване в окръга
Физически носител (вид на носителя) [Малотир. изд.]
260 ## - Област на издателските данни
9 (RLIN) 219284
Място на издаване, разпространение и проч. Русе
Име на издателя, разпространителя и проч. Окр. нар. съвет - Русе
Година на издаване 1973
300 ## - Физическа характеристика
Страници 47 с.
Размери/Мащаб 22 см
Съпровождащи материали 5 прил.
380 ## - Жанр
Жанр Обществени науки
651 #7 - Допълнително описание по предмет - топоним
9 (RLIN) 179464
Географско понятие Русенско
653 #7 - Ключова дума – ненормативна
9 (RLIN) 180457
Ключова дума административно-териториално устройство
653 #7 - Ключова дума – ненормативна
9 (RLIN) 197000
Ключова дума социална демография
852 ## - Местоположение
Фондова буква Краезнание
Систематично-азбучна сигнатура К 36/Д 73
999 ## - СИСТЕМНИ КОНТРОЛНИ НОМЕРА
Koha biblionumber 447217
Koha biblioitemnumber 447217
942 ## - АРТИКУЛИ
Вид на библиотечния материал Книги
Скрит в OPAC Не
Периодичен библиозапис Да
Koha issues (borrowed), all copies 1
944 ## - СЪЗДАВАНЕ И РЕДАКЦИЯ на ЗАПИСА
Създаване/Редакция Създаване
Дата на регистрацията/редакция 2022-03-04
Служител, извършил регистрацията/редакцията А.М.
Наличности
Код за отписване Код за изгубен артикул Източник на класификационната схема Код за повреда Коз за рестрикции Код за отдаване Артикулен № Име на библиотеката - собственик Име на библиотеката, в която се намира в момента Статус (Текущо местоположение) Дата на вписване в системата Местоположение - отдел Цена в лева Систематично азбучна сигнатура Баркод Цена в евро Служебен тип на артикула
  Не е изгубен Universal Decimal Classification Не е повреден само за читалня ползва се в читалня 874702 Регионална библиотека "Любен Каравелов" Русе Регионална библиотека "Любен Каравелов" Русе Краезнание 2022-03-10 Краезнание 2.00 К 36/Д 73 120000867726 1.02 Книги
Vip Innovations Ltd, Rousse, Bulgaria 2025